000 00908nam a22002537a 4500
001 4459
003 FISKH
005 20240911092742.0
008 240911b cb ||||| |||| 00| 0 eng d
040 _aFISKH
_beng
_cFISKH
_dFISKH
050 _aPZ7.C634
082 _2823.92
100 _aCoe, Catherine
245 _aThe owls of blossom wood lost and found /
_cCatherine Ceo
250 _aFirst published in 2015
260 _aLondon :
_bScholastic,
_c2015.
300 _a84 pages :
_billustrations ;
_c20 cm
520 _aAlex, Katie, and Eva can't wait for Blossom Wood's springtime celebration. The three best friends are helping the animals prepare when disaster strikes. Flo, the youngest deer, has gone missing, and no one knows where she is!
650 _2Fantasy
_vAnimal fiction
650 _2Children's
_aBird
700 _aKurilla, Renee
_dillustrator
942 _2ddc
_cBK
_n0
999 _c4459
_d4459